| 000 | 00356pab a2200145 454500 | ||
|---|---|---|---|
| 008 | 180718b1989 xxu||||| |||| 00| 0 eng d | ||
| 100 | _aChattopadhyay, Sayani | ||
| 245 | _aRelevance of Pepsi - Cola deal | ||
| 260 | _c1989 | ||
| 300 | _a13-14,35 | ||
| 362 | _a14 Jan. | ||
| 650 | _aPure Drinks - India - Punjab | ||
| 773 | _aMainstream | ||
| 909 | _a16980 | ||
| 999 |
_c16980 _d16980 |
||